Automatizované systémy riadenia v priemysle /

Uložené v:
Podrobná bibliografia
Hlavný autor: Lacík, Tomáš, 1938-1985 (Author)
Médium: Kniha
Jazyk:Slovak
Vydané: Bratislava : Vysoká škola ekonomická, Fakulta ekonomiky a riadenia výrobných odvetví, 1985.
Vydanie:1. vyd.
Edícia:Vysokoškolské skriptá
ISBN: (brož.)
Fyzický popis: 150 s.
Tagy: Pridať tag
Žiadne tagy, Buďte prvý kto otaguje tento záznam!

MARC

LEADER 00000nam a22000001 4500
001 000231069
005 20100913135824.0
008 021119s1985 xo e slo d
020 |a (brož.)  |c Kčs 10,00 
040 |a SVKKK  |b slo  |c SVKKK  |e AACR2 
041 0 |a slo 
044 |a xo  |c SK 
245 0 0 |a Automatizované systémy riadenia v priemysle /  |c T. Lacík ... [et al.]. 
250 |a 1. vyd. 
260 |a Bratislava :  |b Vysoká škola ekonomická, Fakulta ekonomiky a riadenia výrobných odvetví,  |c 1985. 
300 |a 150 s. 
490 1 |a Vysokoškolské skriptá 
700 1 |a Lacík, Tomáš,  |d 1938-1985  |4 aut 
910 |a svkkk 
998 |a BK 
090 |g SCKHL  |k Sklad Pribinova 3. posch.  |a V.154341  |j 710923  |i 2720977790  |s Absenčne 
090 |g SCKHL  |k Sklad Pribinova 3. posch.  |a V.154342  |j 710924  |i 2720977791  |s Absenčne